000 00571cam a22002053a 4500
001 33583
003 PGUSA
005 20140828083727.0
008 100830s2010||||xxu|||||s|||||000 | eng d
040 _aPGUSA
_beng
042 _adc
100 1 _aHeyse, Paul,
_d1830-1914
245 1 0 _aL'Arrabiata and Other Tales
_h[electronic resource] /
_cPaul Heyse
260 _bProject Gutenberg,
_c2010
506 _aPublic domain in the USA.
516 _aElectronic text
830 0 _aProject Gutenberg
_v33583
856 4 0 _uhttp://www.gutenberg.org/ebooks/33583
942 _cEB
999 _c262838
_d262838